000
00497nam a2200157Ia 4500
008
100204s9999 xx 000 0 und d
082
_b
9085
100
_a
महाकवी कालिदास
245
_a
मेघदूत
260
_b
"सरिता प्रकाशन, पुणे"
_c
1974 2
300
_a
95
630
_a
मेघदूत
700
_a
देशमुख चिंतामणी व्दा.
730
_a
मेघदूत
942
_c
BOOK
999
_c
453521
_d
453518